000 00531nam a2200145 4500
001 117801
003 ES-MaACL
005 20230906190955.0
007 t|
008 070214n19001990sp r ||||1| spa d
100 1 _aPereira, Francisco.
_990470
245 1 0 _aAlgunas notas sobre un método psicomúsculo articular o psicomotriz de la enseñanza de la escritura y de la lectura a los niños mentalmente anormales /
_cFrancisco Pereira.
260 _aMadrid :
_b[s.n.],
_c[19__?] (
_fGráf. Universal)
852 _aES-MaACL
_j1664-F-12
999 _c117801
_d117801